000
00328nam a2200133Ia 4500
008
191201s2003 xx 000 0 und d
082
_a
638.254
_b
VES
100
_a
VENKATA, Narasaiah P
245
0
_a
Sericulthre in India
260
_a
N.Delhi
_b
Ashish Publisher
_c
2003
300
_a
214
650
_a
B.Tech(TE)
942
_2
ddc
_c
BK
999
_c
2345
_d
2345